Lugares de Paterna - Estadísticas

Estadísticas generales
  • Esta prueba ha sido intentada 8 veces
  • La puntuación promedio es 13 de 16
Estadísticas de respuestas
Imagen Respuesta % Correcto
Ayuntamiento (palacio)
100%
Cementerio
100%
Feria de Muestras
100%
Iglesia de San Pedro Apostol
100%
Torre de Paterna
100%
Auditoiro Antonio Cabeza
80%
Cuartel Daoiz y Velarde
80%
Cuevas de Paterna
80%
El Calvario (Reloj del Calvario)
80%
Fuente de Paterna
80%
Teatro Antonio Ferrandis
80%
Antiguo Casino
60%
Depósito de Agua
60%
Museo de Ceramica
60%
Paredon de España
60%
Tiro Pichon
60%
No se encontraron pruebas coincidentes
Distribución de puntuación
Porcentaje de gente con cada puntuación
Porcentaje por número respondido
Historial de tus puntuaciones
No has intentado esta prueba.